Thí nghiệm thực hành phương pháp dạy học hoá học
Uloženo v:
| Médium: | Kniha |
|---|---|
| Tagy: |
Přidat tag
Žádné tagy, Buďte první, kdo otaguje tento záznam!
|
| Thư viện lưu trữ: | Mạng thư viện Đại học Đà Nẵng |
|---|
| LEADER | 00629nam a2200193 4500 | ||
|---|---|---|---|
| 001 | 000006446 | ||
| 003 | 2601 | ||
| 005 | 20150812140807.0 | ||
| 008 | 110912s sd | ||
| 245 | 0 | 0 | |a Thí nghiệm thực hành phương pháp dạy học hoá học |
| 774 | |b Tái bản lần thứ 1, có sửa chữa |d Nxb Đại học Sư phạm |d H. |d 2008 |g T.3 |h 230tr. |t Phương pháp dạy học hóa học |w 2606 | ||
| OWN | |a LSP | ||
| 999 | |a From the UDN01 | ||
| TYP | |a Monograph | ||
| TYP | |a Printed language | ||
| 980 | |a Mạng thư viện Đại học Đà Nẵng | ||